100 Beste Mannelijke Voetballers 2023 - Statistieken

Algemene statistieken
  • Deze quiz is 1.263 keer genomen
  • De gemiddelde score is 33 van 100
Antwoordstatistieken
# Club Speler % Correct
1. Manchester City Erling Haaland
95%
27. Al-Nassr Cristiano Ronaldo
93%
3. Paris Saint-Germain Kylian Mbappé
93%
10. Inter Miami Lionel Messi
93%
6. Real Madrid Vinícius Júnior
80%
7. Liverpool Mohamed Salah
78%
4. Bayern Munich Harry Kane
76%
8. Manchester City Kevin De Bruyne
75%
44. Liverpool Virgil van Dijk
72%
2. Real Madrid Jude Bellingham
71%
5. Manchester City Rodri
70%
69. Barcelona Frenkie de Jong
57%
17. Barcelona Robert Lewandowski
57%
36. Al-Ittihad Karim Benzema
56%
13. Inter Lautaro Martínez
53%
24. Tottenham Hotspur Son Heung-min
53%
39. Real Madrid Thibaut Courtois
53%
14. Arsenal Bukayo Saka
52%
46. Aston Villa Emiliano Martínez
52%
25. Real Madrid Luka Modric
52%
32. Barcelona Pedri
52%
41. Manchester City Phil Foden
52%
23. Manchester City Ederson
48%
80. Roma Romelu Lukaku
48%
51. Bayern Munich Joshua Kimmich
47%
15. Atlético Madrid Antoine Griezmann
45%
11. Manchester City Bernardo Silva
44%
33. Real Madrid Rodrygo
44%
21. Manchester City Rúben Dias
44%
28. Barcelona Gavi
43%
70. Real Madrid Toni Kroos
42%
20. Bayern Munich Jamal Musiala
40%
34. Barcelona Marc-André ter Stegen
39%
48. Bayer Leverkusen Florian Wirtz
38%
18. Arsenal Martin Ødegaard
38%
38. Bayern Munich Leroy Sané
37%
45. Manchester City Kyle Walker
36%
66. RB Leipzig Xavi Simons
36%
91. Real Madrid Antonio Rüdiger
34%
49. Manchester City Jack Grealish
34%
30. Milan Rafael Leão
32%
9. Napoli Victor Osimhen
32%
35. Liverpool Alisson
31%
68. Liverpool Luis Díaz
31%
42. Manchester United Bruno Fernandes
30%
19. Manchester City Julián Álvarez
30%
40. Arsenal William Saliba
30%
31. Real Madrid Federico Valverde
29%
26. Manchester City John Stones
29%
87. Newcastle Alexander Isak
28%
57. Liverpool Trent Alexander-Arnold
28%
22. Arsenal Declan Rice
27%
12. Napoli Khvicha Kvaratskhelia
26%
78. Liverpool Darwin Núñez
24%
97. Inter Denzel Dumfries
24%
85. Arsenal Gabriel Jesus
24%
16. Barcelona Ilkay Gündogan
24%
67. Manchester United Marcus Rashford
24%
75. Feyenoord Santiago Giménez
24%
43. Real Madrid Eduardo Camavinga
22%
56. Barcelona Ronald Araújo
22%
96. Bayern Munich Alphonso Davies
21%
53. Arsenal Gabriel Martinelli
21%
47. Paris Saint-Germain Achraf Hakimi
18%
81. Real Madrid David Alaba
18%
54. Manchester City Josko Gvardiol
18%
95. Milan Theo Hernández
18%
74. Bayer Leverkusen Álex Grimaldo
17%
29. Inter Nicolò Barella
17%
90. RB Leipzig Loïs Openda
16%
50. Milan Olivier Giroud
16%
98. Aston Villa Ollie Watkins
16%
59. Liverpool Alexis Mac Allister
15%
62. Manchester United André Onana
15%
82. Chelsea Enzo Fernández
15%
86. Real Madrid Aurélien Tchouaméni
14%
93. Bayer Leverkusen Granit Xhaka
14%
89. Atlético Madrid Jan Oblak
14%
100. Inter Marcus Thuram
14%
83. Benfica Ángel Di María
13%
64. Bayer Leverkusen Victor Boniface
13%
79. Inter Alessandro Bastoni
12%
73. Atlético Madrid Álvaro Morata
11%
37. Bayern Munich Kim Min-jae
11%
92. Al-Ahli Riyad Mahrez
11%
61. Inter Federico Dimarco
10%
84. Milan Mike Maignan
10%
60. Newcastle Bruno Guimarães
9%
77. Tottenham Hotspur James Maddison
9%
72. Stuttgart Serhou Guirassy
9%
55. Inter Hakan Çalhanoğlu
8%
71. Brighton Kaoru Mitoma
8%
94. Al-Nassr Marcelo Brozovic
8%
76. Paris Saint-Germain Randal Kolo Muani
8%
88. Tottenham Hotspur Cristian Romero
7%
63. Newcastle Kieran Trippier
7%
52. Liverpool Dominik Szoboszlai
6%
58. Al-Hilal Yassine Bounou
5%
65. Fluminense Germán Cano
3%
99. Paris Saint-Germain Warren Zaïre-Emery
3%
Geen overeenkomende quizzen gevonden
Scoreverdeling
Procent van Mensen met Elke Score
Percentiel versus Aantal Correcte Antwoorden
Uw Scoregeschiedenis
U heeft deze quiz nog niet genomen